Rasgos comunes de tres categorías de análisis en el relato literario (Análisis estructural de Los cuentos de mi tía Panchita, Cuentos viejos, Cocorí y El abuelo cuentacuentos)
保存先:
| 第一著者: | |
|---|---|
| フォーマット: | 図書 |
| 言語: | Undetermined |
| 出版事項: |
San José, Costa Rica
Escuela de Filología, Lingüística y Literatura,Universidad de Costa Rica
1977
|
| 主題: | |
| タグ: |
タグ追加
タグなし, このレコードへの初めてのタグを付けませんか!
|
MARC
| LEADER | 00000nam a2200000Ia 4500 | ||
|---|---|---|---|
| 008 | 170316s9999 xx 000 0 und d | ||
| 040 | |a cru BVZT | ||
| 090 | |a Tesis 154 | ||
| 100 | |a Araujo Aguilar, Patricia; Jones León, Sonia; Pérez Yglesias, Ma. de los Angeles y Bolaños Varela, L | ||
| 245 | |a Rasgos comunes de tres categorías de análisis en el relato literario (Análisis estructural de Los cuentos de mi tía Panchita, Cuentos viejos, Cocorí y El abuelo cuentacuentos) | ||
| 260 | |a San José, Costa Rica | ||
| 260 | |b Escuela de Filología, Lingüística y Literatura,Universidad de Costa Rica | ||
| 260 | |c 1977 | ||
| 300 | |a 208 páginas Tomo II | ||
| 650 | |a LICENCIATURA EN FILOLOGÍA ESPAÑOLA | ||
| 650 | |a TRABAJO FINAL DE GRADUACIÓN | ||
| 650 | |a ANÁLISIS - LOS CUENTOS DE MI TÍA PANCHITA | ||
| 650 | |a ANÁLISIS - CUENTOS VIEJOS | ||
| 650 | |a ANÁLISIS - COCORÍ | ||
| 650 | |a ANÁLISIS - EL ABUELO CUENTACUENTOS | ||
| 999 | |c 13761 |d 13761 | ||
| 942 | |c TFG |h Tesis 154 |2 z | ||
